000 01266cam a2200169 4500500
005 20260222004202.0
041 _afre
042 _adc
100 1 0 _aFenneteau, Hervé
_eauthor
700 1 0 _aNaro, Gérald
_eauthor
245 0 0 _aContrôle et confiance dans l'entreprise virtuelle Illustrations logistiques
260 _c2005.
500 _a44
520 _aLa supply chain fournit un exemple d’entreprise virtuelle dans laquelle plusieurs organisations sont aujourd’hui étroitement impliquées dans un même réseau de relations formant une entité plus vaste qui les transcende en un tout organisé. La qualité des collaborations qui s’instaurent au sein de cette entité virtuelle apparaît comme un facteur critique de son efficacité. Si dans la littérature, comme dans le sens commun, la thèse d’un antagonisme entre confiance et contrôle est souvent avancée, les pratiques actuelles développées dans la gestion de la supply chain tendent à montrer que ces expériences de collaboration conjuguent intimement confiance et contrôle.
786 0 _nRevue française de gestion | 156 | 3 | 2005-06-01 | p. 203-219 | 0338-4551
856 4 1 _uhttps://shs.cairn.info/revue-francaise-de-gestion-2005-3-page-203?lang=fr&redirect-ssocas=7080
999 _c1668130
_d1668130